Guia d'entitats de Cardedeu
Descripción Física:
80 p. : fot. col. ; 21 cm
Otros Autores:
Patronat Flor de Maig
MARC
| LEADER | 00000nam a2200000Ia 4500 | ||
|---|---|---|---|
| 001 | 17389 | ||
| 008 | 160829s1999 xx 000 0 cat d | ||
| 080 | |a M-6-70 | ||
| 245 | |a Guia d'entitats de Cardedeu | ||
| 260 | |a Cardedeu : |b Ajuntament de Cardedeu, |c 1999 | ||
| 300 | |a 80 p. : |b fot. col. ; |c 21 cm | ||
| 590 | |a Amb la col·laboració de la Diputació de Barcelona i el suport del Patronat Flor de Maig. | ||
| 590 | |a Prové de G-225 | ||
| 650 | |a Associacions, institucions, etc. |x Cardedeu |9 46820 | ||
| 700 | |a Patronat Flor de Maig |9 4512 | ||
| 710 | 1 | |a Barcelona (Catalunya : Província). |b Diputació |9 52408 | |
| 710 | |a Cardedeu (Catalunya). |b Ajuntament |9 55464 | ||
| 901 | |a Arxiu | ||
| 942 | |n 1 | ||
| 952 | |0 0 |1 0 |4 0 |6 M670 |7 1 |9 53472 |a Arxiu |b Arxiu |d 2016-12-01 |l 0 |o M-6-70 |p 17389 |r 2016-12-01 00:00:00 |w 2016-12-01 |y ARXIU | ||
| 999 | |c 57338 |d 57338 | ||